<?xml version="1.0" encoding="UTF-8"?>
<record
    xmlns:xsi="http://www.w3.org/2001/XMLSchema-instance"
    xsi:schemaLocation="http://www.loc.gov/MARC21/slim http://www.loc.gov/standards/marcxml/schema/MARC21slim.xsd"
    xmlns="http://www.loc.gov/MARC21/slim">

  <leader>01004 am a2200301ui 4500</leader>
  <controlfield tag="001">008772570</controlfield>
  <controlfield tag="003">OSt</controlfield>
  <controlfield tag="005">20260205152217.0</controlfield>
  <controlfield tag="008">771031s1977    enka   ||     001 ||eng  </controlfield>
  <datafield tag="020" ind1=" " ind2=" ">
    <subfield code="a">0721628737 (paperback) </subfield>
    <subfield code="c">&#xA3;8.50</subfield>
  </datafield>
  <datafield tag="040" ind1=" " ind2=" ">
    <subfield code="a">Uk</subfield>
    <subfield code="c">NUST</subfield>
    <subfield code="b">eng</subfield>
    <subfield code="d">NUST</subfield>
    <subfield code="e">rda</subfield>
  </datafield>
  <datafield tag="050" ind1="0" ind2="0">
    <subfield code="a">RM725 DAN</subfield>
  </datafield>
  <datafield tag="100" ind1="1" ind2=" ">
    <subfield code="a">Daniels, Lucille.</subfield>
    <subfield code="e">Editor</subfield>
  </datafield>
  <datafield tag="245" ind1="1" ind2="0">
    <subfield code="a">Therapeutic exercise for body alignment and function /</subfield>
    <subfield code="c">Lucille Daniels.</subfield>
  </datafield>
  <datafield tag="250" ind1=" " ind2=" ">
    <subfield code="a">Second Edition.</subfield>
  </datafield>
  <datafield tag="260" ind1=" " ind2=" ">
    <subfield code="a">Philadelphia ;</subfield>
    <subfield code="a">London :</subfield>
    <subfield code="b">Saunders,</subfield>
    <subfield code="c">&#xA9;1977.</subfield>
  </datafield>
  <datafield tag="300" ind1=" " ind2=" ">
    <subfield code="a">viii,117pages. :</subfield>
    <subfield code="b">illustrations. ;</subfield>
    <subfield code="c">27cm.</subfield>
  </datafield>
  <datafield tag="336" ind1=" " ind2=" ">
    <subfield code="a">text</subfield>
    <subfield code="2">rdacontent</subfield>
    <subfield code="b">txt</subfield>
  </datafield>
  <datafield tag="337" ind1=" " ind2=" ">
    <subfield code="a">unmediated</subfield>
    <subfield code="2">rdamedia</subfield>
    <subfield code="b">n</subfield>
  </datafield>
  <datafield tag="338" ind1=" " ind2=" ">
    <subfield code="a">volume</subfield>
    <subfield code="2">rdacarrier</subfield>
    <subfield code="b">nc</subfield>
  </datafield>
  <datafield tag="504" ind1=" " ind2=" ">
    <subfield code="a">Includes Bibliographical References and index.</subfield>
  </datafield>
  <datafield tag="650" ind1=" " ind2="0">
    <subfield code="a">Exercise therapy.</subfield>
  </datafield>
  <datafield tag="700" ind1="1" ind2=" ">
    <subfield code="a">Worthingham, Catherine.</subfield>
  </datafield>
  <datafield tag="700" ind1="1" ind2=" ">
    <subfield code="a">Black, Harold.</subfield>
  </datafield>
  <datafield tag="700" ind1="1" ind2=" ">
    <subfield code="a">Sigal, Lorene.</subfield>
  </datafield>
  <datafield tag="700" ind1="1" ind2=" ">
    <subfield code="a">Hedberg, Phyllis.</subfield>
  </datafield>
  <datafield tag="942" ind1=" " ind2=" ">
    <subfield code="2">lcc</subfield>
    <subfield code="n">0</subfield>
    <subfield code="c">BOOKS</subfield>
    <subfield code="e">Second Edition</subfield>
    <subfield code="h">RM725 DAN</subfield>
    <subfield code="k">RM</subfield>
    <subfield code="m">DAN</subfield>
  </datafield>
  <datafield tag="999" ind1=" " ind2=" ">
    <subfield code="c">172515</subfield>
    <subfield code="d">172515</subfield>
  </datafield>
  <datafield tag="952" ind1=" " ind2=" ">
    <subfield code="0">0</subfield>
    <subfield code="1">0</subfield>
    <subfield code="2">LCC</subfield>
    <subfield code="4">0</subfield>
    <subfield code="7">0</subfield>
    <subfield code="8">NFIC</subfield>
    <subfield code="a">MEDICAL</subfield>
    <subfield code="b">MEDICAL</subfield>
    <subfield code="c">GEN</subfield>
    <subfield code="d">2025-12-08</subfield>
    <subfield code="e">Book Aid International</subfield>
    <subfield code="g">54.00</subfield>
    <subfield code="l">0</subfield>
    <subfield code="o">RM725 DAN</subfield>
    <subfield code="p">92004053541</subfield>
    <subfield code="r">2025-12-08 15:01:53</subfield>
    <subfield code="t">60262</subfield>
    <subfield code="v">54.00</subfield>
    <subfield code="w">2025-12-08</subfield>
    <subfield code="y">BOOKS</subfield>
    <subfield code="z">Donation</subfield>
  </datafield>
</record>
